000 00541cam a22002291 4500
001 sa 64002764
003 DLC
005 20260227112012.0
008 941104s1962 ii a 000 0 maro
010 _asa 64002764
025 _aPL480:I-Mar-530
035 _a(OCoLC)31407547
040 _aDLC
_cCU
_dCU
_dDLC
042 _apremarc
050 0 0 _aSF961
_b.M27
100 1 _aMāḷī, M. A.
245 1 0 _aPaśu rakshā.
260 _c1962.
300 _a72 p.
_billus.
_c18 cm.
500 _aIn Marathi.
650 0 _aCattle
_xDiseases.
999 _c57495
_d57495